| 000 | 00852nam a22002297a 4500 | ||
|---|---|---|---|
| 999 |
_c7518 _d7518 |
||
| 003 | AR-CdUCM | ||
| 008 | 190320b ||||| |||| 00| 0 spa d | ||
| 040 |
_aMUNICIPALIDAD PROVINCIAL DEL CUSCO _cBIBLIOTECA MUNICIPAL DEL CUSCO |
||
| 041 | _heng | ||
| 082 |
_a630.28 / _bW44 |
||
| 100 |
_aWells, George S. _921224 |
||
| 245 |
_aLa agricultura científica : _bcreación del edén Californiano / |
||
| 260 |
_aMéxico : _bLimusa-Wiley, _c1971. |
||
| 300 |
_a300 páginas; _c21 cm. |
||
| 505 | _aContenido: Una tierra hostil -- El extranjero diminuto -- La cuestión candente -- Los milagros tardan en llegar -- El pulpo dorado ... | ||
| 650 |
_aAgricultura _9320 |
||
| 650 |
_aAgricultura y ciencia _921225 |
||
| 650 |
_aEnfermedades y plagas _921226 |
||
| 700 |
_aOrtiz Vázquez, María (traducción) _921227 |
||
| 942 |
_2ddc _cLIBROS |
||
| 945 | _aachl | ||